RICS rural land market survey Great Britain (Record no. 105424)

MARC details
000 -LEADER
fixed length control field 01821cam a2200229 4500
001 - CONTROL NUMBER
control field ##L133574
008 - FIXED-LENGTH DATA ELEMENTS--GENERAL INFORMATION
fixed length control field 060519n2006 000 0 eng u
035 ## - SYSTEM CONTROL NUMBER
System control number (Sirsi) u133574
041 0# - LANGUAGE CODE
Language code of text/sound track or separate title eng
050 04 - LIBRARY OF CONGRESS CALL NUMBER
Classification number 630 $2 18
110 2# - MAIN ENTRY--CORPORATE NAME
Corporate name or jurisdiction name as entry element Royal Institution of Chartered Surveyors
Subordinate unit Public Affairs
9 (RLIN) 4679
245 00 - TITLE STATEMENT
Title RICS rural land market survey Great Britain
Remainder of title first quarter 2006
260 ## - PUBLICATION, DISTRIBUTION, ETC.
Place of publication, distribution, etc. London
Name of publisher, distributor, etc. RICS
Date of publication, distribution, etc. 2006
490 #0 - SERIES STATEMENT
Series statement RICS Rural Land Market Survey Great Britain
Volume/sequential designation First Quarter 2006
520 ## - SUMMARY, ETC.
Summary, etc. Shows farmland prices rising by 3% in the year to the first quarter 2006, down from 4% recorded in the fourth quarter 2005. Demand for residential farms is rising at the strongest pace in two years, resulting in non-farmer individual share in purchases reaching 46% in the first quarter, a 18 month high. Demand for commercial farmland is also increasing but more modestly than for residential farms. Supply of available farmland on the market was up slightly during the first quarter with commercial farmland increasing more firmly than residential farms but the availability of residential and non-residential farms is historically very low. Surveyors anticipate commercial farmland to be flat in the next year but the price of residential farmland is expected to rise strongly. The largest price increases were in Scotland, West Midlands and southwest England while modest price falls were recorded in Wales, northeast and northwest England.
590 ## - LOCAL NOTE (RLIN)
Local note IKA230506
650 24 - SUBJECT ADDED ENTRY--TOPICAL TERM
Topical term or geographic name entry element RICS RURAL LAND MARKET SURVEY GREAT BRITAIN
651 #4 - SUBJECT ADDED ENTRY--GEOGRAPHIC NAME
Geographic name GREAT BRITAIN
690 ## - LOCAL SUBJECT ADDED ENTRY--TOPICAL TERM (OCLC, RLIN)
Topical term or geographic name as entry element PROPERTY-RURAL AND NATURAL ASSETS-RURAL AND NATURAL ASSET MARKET
856 40 - ELECTRONIC LOCATION AND ACCESS
Uniform Resource Identifier <a href="https://www.rics.org/profession-standards/knowledge-and-information-services/document-delivery-and-o">https://www.rics.org/profession-standards/knowledge-and-information-services/document-delivery-and-o</a>
Public note email [email protected] to request a copy
942 ## - ADDED ENTRY ELEMENTS (KOHA)
Suppress in OPAC 0
Holdings
Withdrawn status Lost status Source of classification or shelving scheme Damaged status Not for loan Home library Current library Shelving location Date acquired Total Checkouts Full call number Barcode Date last seen Copy number Price effective from Koha item type
    Dewey Decimal Classification     Virtual Virtual Online 19/05/2006   ONLINE PUBLICATION 133574-2001 06/08/2019 1 06/08/2019 Book